Rozhodli už v prvom zápase basketbalistky sa udržali v extralige

Bibliographic Details
Main Author: Podolinský, Peter, 1974- (Author)
Format: Article
Language:Slovak
PhysicalDescription:Fotogr.
ISSN:1335-7581
Subjects:

MARC

LEADER 00000nab a2200000 a 4500
001 vtls009525655
003 SK-MaSNL
005 20260303060546.0
008 090615c20090504xo dr| 0 0slo
038 |a RVGKPD 
040 |a RVGKPD  |b slo  |c RVGKPD  |e AACR2 
041 |a slo 
044 |a xo  |c SK 
080 |a 796.323.2  |2 1997 
100 1 |a Podolinský, Peter,  |d 1974-  |4 aut  |9 872876 
245 1 0 |a Rozhodli už v prvom zápase  |b basketbalistky sa udržali v extralige  |c Peter Podolinský 
300 |b Fotogr. 
610 2 7 |a Mestský basketbalový klub Agrotrade (Rožňava, Slovensko)  |2 rvgkpd  |9 1034290 
650 0 7 |a basketbal  |2 rvgkpd  |9 3290 
651 7 |a Rožňava (Slovensko)  |2 rvgkpd  |9 17394 
773 0 |t Gemerský korzár  |g Roč. XI, č. 101 (4.5.2009), s. 13  |x 1335-7581 
852 |a RVGKPD  |b KIS3G 
992 |a RBX 
999 |c 1731925  |d 1733855